00253nam a22000977a 4500040000700000082000800007100000800015245009900023260002300122300001000145 cHS a318 aFAO aHorticultural chain management for countries of asia and the pacific region a training package aBangkokbFAOc2009 a214p.